5-аллилоксиметил-8-хинолинол. Аллиловый эфир 5-оксиметил-8-хинолинола; Методы получения химических реактивов и препаратов; Вып. 11

Chi tiết về thư mục
Parent link:Методы получения химических реактивов и препаратов
Вып. 11.— 1964.— С. 16-18
Tác giả chính: Аристов Л. И.
Tác giả khác: Серебрянская Г. Г.
Ngôn ngữ:Tiếng Nga
Được phát hành: 1964
Những chủ đề:
Định dạng: Chương của sách
KOHA link:https://koha.lib.tpu.ru/cgi-bin/koha/opac-detail.pl?biblionumber=591170

MARC

LEADER 00000naa0a2200000 4500
001 591170
005 20250822140805.0
035 |a (RuTPU)RU\TPU\tpu\1207 
035 |a TPU00001207 
090 |a 591170 
100 |a 20011210d1964 k||y0rusy50 ca 
101 0 |a rus 
102 |a RU 
200 1 |a 5-аллилоксиметил-8-хинолинол. Аллиловый эфир 5-оксиметил-8-хинолинола  |f Л. И. Аристов, Г. Г. Серебрянская 
461 1 |t Методы получения химических реактивов и препаратов 
463 1 |t Вып. 11  |v С. 16-18  |d 1964 
610 1 |a химические науки 
610 1 |a труды учёных ТПУ 
700 1 |a Аристов  |b Л. И. 
701 1 |a Серебрянская  |b Г. Г. 
801 0 |a RU  |b 63413507  |c 20011210  |g PSBO 
801 2 |a RU  |b 63413507  |c 20100408  |g PSBO 
942 |c CR